Развитие потенциала сотрудников: профессиональные компетенции, лидерство, коммуникации

Podrobná bibliografie
Další autoři: Иванова С. Светлана, Болдогоев Д. Дмитрий, Борчанинова Э. Эмма, Глотова А. Анна, Жигилий О. Оксана
Shrnutí:Для эффективного роста и реализации новой стратегии любой компании необходимо развитие компетенций сотрудников. Это особенно важно по отношению к сотрудникам высшего звена, так как найти специалиста необходимого уровня со стороны на рынке труда зачастую невозможно. Авторы книги рассказывают о специфике выращивания лидеров внутри компании, об управлении потенциалом (Talent Management), о коучинге и наставничестве, личностном росте и корпоративной культуре. В книге мало теории и много практики. Она знакомит с уникальными методиками управления потенциалом, задачами по развитию лидерских компетенций и совершенствованию культуры обучения, примерами управленческих решений. Книга будет интересна владельцам бизнеса, руководителям и HR-менеджерам, а также всем тем, кто ориентирован на профессиональный рост и карьеру.
Jazyk:ruština
Vydáno: Москва, Альпина Бизнес Букс, 2008
Témata:
Médium: MixedMaterials Kniha
KOHA link:https://koha.lib.tpu.ru/cgi-bin/koha/opac-detail.pl?biblionumber=135941

MARC

LEADER 00000nam0a2200000 4500
001 135941
005 20231031140257.0
010 |a 9785961407570 
035 |a (RuTPU)RU\TPU\book\147323 
090 |a 135941 
100 |a 20080416d2008 km y0rusy50 ca 
101 0 |a rus 
102 |a RU 
105 |a y z 000zy 
200 1 |a Развитие потенциала сотрудников: профессиональные компетенции, лидерство, коммуникации  |f С. Иванова [и др.] 
210 |a Москва  |c Альпина Бизнес Букс  |d 2008 
215 |a 278 с. 
330 |a Для эффективного роста и реализации новой стратегии любой компании необходимо развитие компетенций сотрудников. Это особенно важно по отношению к сотрудникам высшего звена, так как найти специалиста необходимого уровня со стороны на рынке труда зачастую невозможно. Авторы книги рассказывают о специфике выращивания лидеров внутри компании, об управлении потенциалом (Talent Management), о коучинге и наставничестве, личностном росте и корпоративной культуре. В книге мало теории и много практики. Она знакомит с уникальными методиками управления потенциалом, задачами по развитию лидерских компетенций и совершенствованию культуры обучения, примерами управленческих решений. Книга будет интересна владельцам бизнеса, руководителям и HR-менеджерам, а также всем тем, кто ориентирован на профессиональный рост и карьеру. 
610 1 |a экономика 
610 1 |a труд 
610 1 |a кадры 
610 1 |a персонал 
610 1 |a профессиональная компетентность 
610 1 |a управление 
610 1 |a наставничество 
610 1 |a лидерство 
610 1 |a оценка 
610 1 |a модели 
610 1 |a технологии 
610 1 |a развитие 
610 1 |a обучение 
610 1 |a корпоративная культура 
610 1 |a карьера 
686 |a У9(2)240  |v LBC/SL-A  |2 rubbk 
701 1 |a Иванова  |b С.  |g Светлана 
701 1 |a Болдогоев  |b Д.  |g Дмитрий 
701 1 |a Борчанинова  |b Э.  |g Эмма 
701 1 |a Глотова  |b А.  |g Анна 
701 1 |a Жигилий  |b О.  |g Оксана 
801 1 |a RU  |b 63413507  |c 20080416  |g PSBO 
801 2 |a RU  |b 63413507  |c 20080919  |g PSBO 
942 |c BK 
959 |a 41/20080416  |d 1  |e 193,00  |f ЧЗГЛ:1